Multiple time scales and perturbation methods for high frequency electromagnetic-hydrodynamic coupling in the treatment of liquid metals /
שמור ב:
| מחבר ראשי: | |
|---|---|
| פורמט: | Bài viết |
| שפה: | English |
| נושאים: | |
| תגים: |
הוספת תג
אין תגיות, היה/י הראשונ/ה לתייג את הרשומה!
|
| Thư viện lưu trữ: | Thư viện Trường Đại học Đà Lạt |
|---|
| LEADER | 00931nam a2200289 4500 | ||
|---|---|---|---|
| 001 | DLU090078689 | ||
| 005 | ##20090608 | ||
| 040 | # | # | |a DLU |b eng |
| 041 | # | # | |a eng |
| 044 | # | # | |a UK |
| 100 | # | # | |a Coulaud, O. |
| 245 | # | # | |a Multiple time scales and perturbation methods for high frequency electromagnetic-hydrodynamic coupling in the treatment of liquid metals / |c O. Coulaud. |
| 653 | # | # | |a Eddy current |
| 653 | # | # | |a High frequency |
| 653 | # | # | |a Induction |
| 653 | # | # | |a Multiple time scales |
| 653 | # | # | |a Singular perturbation |
| 773 | # | # | |t Nonlinear Analysis, Theory, Methods & Applications |g Vol. 30, part 6 (December 1997), p. 3637-3643 |
| 920 | # | # | |a Phòng Tạp chí -- Trung tâm Thông tin - Thư viện Trường Đại học Đà Lạt |
| 994 | # | # | |a DLU |
| 900 | # | # | |a True |
| 911 | # | # | |a Trương Bảo Trâm Anh |
| 925 | # | # | |a G |
| 926 | # | # | |a A |
| 927 | # | # | |a BB |
| 980 | # | # | |a Thư viện Trường Đại học Đà Lạt |